<?xml version="1.0" encoding="UTF-8"?>
<record
    xmlns:xsi="http://www.w3.org/2001/XMLSchema-instance"
    xsi:schemaLocation="http://www.loc.gov/MARC21/slim http://www.loc.gov/standards/marcxml/schema/MARC21slim.xsd"
    xmlns="http://www.loc.gov/MARC21/slim">

  <leader>01489nam a22002897a 4500</leader>
  <datafield tag="999" ind1=" " ind2=" ">
    <subfield code="c">63457</subfield>
    <subfield code="d">63457</subfield>
  </datafield>
  <controlfield tag="005">20240530110642.0</controlfield>
  <controlfield tag="008">170926s2004    ua dh  f      000 0 ara d</controlfield>
  <datafield tag="017" ind1=" " ind2=" ">
    <subfield code="a">2003/7529</subfield>
    <subfield code="b">&#x645;&#x635;&#x631;. &#x62F;&#x627;&#x631; &#x627;&#x644;&#x643;&#x62A;&#x628;</subfield>
  </datafield>
  <datafield tag="020" ind1=" " ind2=" ">
    <subfield code="a">4775552095</subfield>
  </datafield>
  <datafield tag="040" ind1=" " ind2=" ">
    <subfield code="a">EG-CaGPL</subfield>
    <subfield code="c">EG-CaGPL</subfield>
  </datafield>
  <datafield tag="082" ind1="0" ind2="4">
    <subfield code="2">21</subfield>
    <subfield code="a">355.0332962 \</subfield>
    <subfield code="b">&#x642;/&#x648; &#x62C;</subfield>
  </datafield>
  <datafield tag="100" ind1="0" ind2=" ">
    <subfield code="a">&#x627;&#x62D;&#x645;&#x62F; &#x639;&#x628;&#x62F;&#x627;&#x644;&#x631;&#x632;&#x627;&#x642; &#x627;&#x62D;&#x645;&#x62F;</subfield>
  </datafield>
  <datafield tag="245" ind1="1" ind2="2">
    <subfield code="a">&#x627;&#x644;&#x62C;&#x64A;&#x634; &#x627;&#x644;&#x645;&#x635;&#x631;&#x649; &#x648;&#x633;&#x628;&#x639;&#x629; &#x627;&#x644;&#x627;&#x641; &#x639;&#x627;&#x645; &#x645;&#x646; &#x627;&#x644;&#x632;&#x645;&#x627;&#x646; /</subfield>
    <subfield code="c">&#x627;&#x639;&#x62F;&#x627;&#x62F; &#x627;&#x62D;&#x645;&#x62F; &#x639;&#x628;&#x62F;&#x627;&#x644;&#x631;&#x632;&#x627;&#x642; &#x627;&#x62D;&#x645;&#x62F; &#x60C; &#x62C;&#x627;&#x62F; &#x645;&#x62D;&#x645;&#x62F; &#x637;&#x647; &#x60C; &#x645;&#x62D;&#x645;&#x62F; &#x639;&#x628;&#x62F;&#x627;&#x644;&#x62D;&#x644;&#x64A;&#x645; &#x631;&#x634;&#x62F;&#x649; &#x627;&#x644;&#x647;&#x648;&#x627;&#x631;&#x649; &#x61B; &#x645;&#x631;&#x627;&#x62C;&#x639;&#x629; &#x639;&#x644;&#x649; &#x645;&#x627;&#x647;&#x631; &#x62D;&#x62C;&#x627;&#x628; &#x60C; &#x645;&#x62D;&#x645;&#x62F; &#x639;&#x628;&#x62F;&#x627;&#x644;&#x648;&#x647;&#x627;&#x628; &#x627;&#x644;&#x62F;&#x648;&#x64A;&#x643; &#x60C; &#x62C;&#x645;&#x627;&#x644; &#x627;&#x644;&#x62D;&#x633;&#x627;&#x646;&#x64A;&#x646; &#x645;&#x62D;&#x645;&#x62F; &#x627;&#x644;&#x62D;&#x636;&#x631;&#x649; &#x61B; &#x627;&#x644;&#x627;&#x634;&#x631;&#x627;&#x641; &#x627;&#x644;&#x639;&#x627;&#x645; &#x645;&#x62D;&#x645;&#x62F; &#x639;&#x628;&#x62F;&#x627;&#x644;&#x633;&#x644;&#x627;&#x645; &#x627;&#x644;&#x633;&#x64A;&#x62F; &#x633;&#x639;&#x64A;&#x62F;</subfield>
  </datafield>
  <datafield tag="260" ind1=" " ind2=" ">
    <subfield code="a">&#x627;&#x644;&#x642;&#x627;&#x647;&#x631;&#x629; : </subfield>
    <subfield code="c">2004</subfield>
  </datafield>
  <datafield tag="300" ind1=" " ind2=" ">
    <subfield code="a">375 &#x635;. : </subfield>
    <subfield code="b">&#x627;&#x64A;&#x636; &#x61B; </subfield>
    <subfield code="c">30 &#x633;&#x645;.</subfield>
  </datafield>
  <datafield tag="650" ind1="0" ind2="7">
    <subfield code="2">qrmak</subfield>
    <subfield code="a">&#x627;&#x644;&#x639;&#x644;&#x648;&#x645; &#x627;&#x644;&#x62D;&#x631;&#x628;&#x64A;&#x629;</subfield>
  </datafield>
  <datafield tag="650" ind1="0" ind2="7">
    <subfield code="2">qrmak</subfield>
    <subfield code="a">&#x627;&#x644;&#x62C;&#x64A;&#x634;</subfield>
    <subfield code="x">&#x62A;&#x627;&#x631;&#x64A;&#x62E;</subfield>
  </datafield>
  <datafield tag="651" ind1="0" ind2="7">
    <subfield code="2">qrmak</subfield>
    <subfield code="a">&#x645;&#x635;&#x631;</subfield>
    <subfield code="x">&#x627;&#x644;&#x62C;&#x64A;&#x634;</subfield>
  </datafield>
  <datafield tag="700" ind1="0" ind2=" ">
    <subfield code="a">&#x62C;&#x627;&#x62F; &#x645;&#x62D;&#x645;&#x62F; &#x637;&#x647;</subfield>
    <subfield code="e">&#x645;&#x639;&#x62F;</subfield>
  </datafield>
  <datafield tag="700" ind1="0" ind2=" ">
    <subfield code="a">&#x645;&#x62D;&#x645;&#x62F; &#x639;&#x628;&#x62F;&#x627;&#x644;&#x62D;&#x644;&#x64A;&#x645; &#x631;&#x634;&#x62F;&#x649; &#x627;&#x644;&#x647;&#x648;&#x627;&#x631;&#x649;</subfield>
    <subfield code="e">&#x645;&#x639;&#x62F; &#x645;&#x634;&#x627;&#x631;&#x643;</subfield>
  </datafield>
  <datafield tag="700" ind1="0" ind2=" ">
    <subfield code="a">&#x639;&#x644;&#x649; &#x645;&#x627;&#x647;&#x631; &#x62D;&#x62C;&#x627;&#x628;</subfield>
    <subfield code="e">&#x645;&#x631;&#x627;&#x62C;&#x639;</subfield>
  </datafield>
  <datafield tag="700" ind1="0" ind2=" ">
    <subfield code="a">&#x645;&#x62D;&#x645;&#x62F; &#x639;&#x628;&#x62F;&#x627;&#x644;&#x648;&#x647;&#x627;&#x628; &#x627;&#x644;&#x62F;&#x648;&#x64A;&#x643;</subfield>
    <subfield code="e">&#x645;&#x631;&#x627;&#x62C;&#x639; &#x645;&#x634;&#x627;&#x631;&#x643;</subfield>
  </datafield>
  <datafield tag="700" ind1="0" ind2=" ">
    <subfield code="a">&#x62C;&#x645;&#x627;&#x644; &#x627;&#x644;&#x62D;&#x633;&#x627;&#x646;&#x64A;&#x646; &#x645;&#x62D;&#x645;&#x62F; &#x627;&#x644;&#x62D;&#x636;&#x631;&#x649;</subfield>
    <subfield code="e">&#x645;&#x631;&#x627;&#x62C;&#x639; &#x645;&#x634;&#x627;&#x631;&#x643;</subfield>
  </datafield>
  <datafield tag="700" ind1="0" ind2=" ">
    <subfield code="a"> &#x645;&#x62D;&#x645;&#x62F; &#x639;&#x628;&#x62F;&#x627;&#x644;&#x633;&#x644;&#x627;&#x645; &#x627;&#x644;&#x633;&#x64A;&#x62F; &#x633;&#x639;&#x64A;&#x62F;</subfield>
    <subfield code="e">&#x645;&#x634;&#x631;&#x641;</subfield>
  </datafield>
  <datafield tag="942" ind1=" " ind2=" ">
    <subfield code="2">ddc</subfield>
    <subfield code="c">BK</subfield>
  </datafield>
  <datafield tag="952" ind1=" " ind2=" ">
    <subfield code="0">0</subfield>
    <subfield code="1">0</subfield>
    <subfield code="4">0</subfield>
    <subfield code="7">0</subfield>
    <subfield code="a">CAI</subfield>
    <subfield code="b">CAI</subfield>
    <subfield code="c">CAIRO-LIBRARY</subfield>
    <subfield code="d">2017-10-23</subfield>
    <subfield code="l">0</subfield>
    <subfield code="o">355.0332962 \ &#x642;/&#x648; &#x62C;</subfield>
    <subfield code="p">163499</subfield>
    <subfield code="r">2017-10-23 00:00:00</subfield>
    <subfield code="w">2017-10-23</subfield>
    <subfield code="y">BK</subfield>
  </datafield>
</record>
